书目信息 |
| 题名: |
相对论入门
|
|
| 作者: | 巴涅特 著 ;仲子 译 | |
| 分册: | ||
| 出版信息: | 北京 三联书店 1989.4 |
|
| 页数: | 132页 | |
| 开本: | 19cm | |
| 丛书名: | ||
| 单 册: | ||
| 中图分类: | O412.1 | |
| 科图分类: | ||
| 主题词: | 理论物理学 | |
| 电子资源: | ||
| ISBN: | ||
| 000 | 00554nam0 2200205 45 | |
| 001 | 0312221749 | |
| 005 | 20031222171116.0 | |
| 010 | @dCNY2.25 | |
| 100 | @a20031222d1989 km y0chiy0120 ea | |
| 101 | @achi | |
| 105 | @a z 000yy | |
| 200 | 1 | @a相对论入门@AXiang Dui Lun Ru Men@f(美)巴涅特著@F(Mei)Ba Nie Te Zhu@g仲子译 |
| 210 | @a北京@c三联书店@d1989.4 | |
| 215 | @a132页@d19cm | |
| 606 | 0 | @a理论物理学 |
| 690 | @aO412.1@v3 | |
| 701 | 0 | @a巴涅特@4著 |
| 702 | 0 | @a仲子@4译 |
| 801 | @aCN@bTSTCL@c20031222 | |
| 905 | @a213230@dO412.1@e11@b232254-256@f3 | |
| 相对论入门/(美)巴涅特著/仲子译.-北京:三联书店,1989.4 |
| 132页;19cm |
| ISBN :CNY2.25 |
| ● |
| 相关链接 |
|
|
|
|
正题名:相对论入门
索取号:O412.1/11
 
预约/预借
| 序号 | 登录号 | 条形码 | 馆藏地/架位号 | 状态 | 备注 |
| 1 | 0232256 | 001052504 | 第二样本阅览室/ [索取号:O412.1/11] | 在馆 |